Nuevos aspectos de la vida intelectual (Record no. 98425)

MARC details
000 -LEADER
campo de control de longitud fija 00952nam a2200229 i 4500
001 - NÚMERO DE CONTROL
campo de control 98425
003 - IDENTIFICADOR DE NÚMERO DE CONTROL
campo de control ES-MaACL
005 - FECHA Y HORA DE LA ÚLTIMA TRANSACCIÓN
campo de control 20260201171943.0
007 - CAMPO FIJO DE DESCRIPCIÓN FÍSICA--INFORMACIÓN GENERAL
campo de control de longitud fija t|
008 - DATOS DE LONGITUD FIJA--INFORMACIÓN GENERAL
campo de control de longitud fija 050826s1978 sp ||||1| spa d
080 ## - NÚMERO DE LA CLASIFICACIÓN DECIMAL UNIVERSAL
Número de la Clasificación Decimal Universal 001.8(04)
245 00 - MENCIÓN DEL TÍTULO
Título Nuevos aspectos de la vida intelectual
Resto del título : el papel de los intelectuales en la futura sociedad : ciclo de conferencias sobre nuevos aspectos de la vida intelectual... : Madrid, marzo 1978 /
Mención de responsabilidad, etc. [F. Sebastián ... et al.].
260 ## - PUBLICACIÓN, DISTRIBUCIÓN, ETC.
Lugar de publicación, distribución, etc. Madrid :
Nombre del editor, distribuidor, etc. Presidencia del Gobierno, Instituto Nacional de Prospectiva,
Fecha de publicación, distribución, etc. [1978?]
300 ## - DESCRIPCIÓN FÍSICA
Extensión 71 p. ;
Dimensiones 22 cm.
490 1# - MENCIÓN DE SERIE
Mención de serie Publicaciones del Centro de Estudios Avanzados
650 #4 - PUNTO DE ACCESO ADICIONAL DE MATERIA--TÉRMINO DE MATERIA
Término de materia o nombre geográfico como elemento de entrada Intelectuales.
9 (RLIN) 13848
700 0# - ENTRADA AGREGADA--NOMBRE PERSONAL
Nombre de persona Sebastián Aguilar, Fernando
9 (RLIN) 105013
710 2# - ENTRADA AGREGADA--NOMBRE DE ENTIDAD CORPORATIVA
Nombre de entidad corporativa o nombre de jurisdicción como elemento de entrada Instituto Nacional de Prospectiva (España)
9 (RLIN) 5181
830 0# - PUNTO DE ACCESO ADICIONAL DE SERIE-TÍTULO UNIFORME
Título uniforme Publicaciones del Centro de Estudios Avanzados
9 (RLIN) 232334
852 ## - LOCALIZACIÓN
Ubicación ES-MaACL
Número de control de estantería L-3883
Sublocalización o colección R.104223
Holdings
Estatus retirado Estado de pérdida Estado de daño No para préstamo Biblioteca de origen Biblioteca actual Ubicación en estantería Fecha de adquisición Fuente de adquisición Total de préstamos Signatura topográfica completa Código de barras Visto por última vez Precio de reemplazo Tipo de ítem Koha
        Biblioteca del Ateneo de Madrid Biblioteca del Ateneo de Madrid Depósito 2 17/01/2008     L-3883 1102748 23/02/2023 23/02/2023 Libro impreso